00310nam a2200121Ia 4500008004100000041000800041082001500049100001000064245004500074260003800119300002400157365000700181240624s9999 xx 000 0 und d aeng a005.74 ICF aICFAI aDATABASE MANAGEMENT SYSTEMS WORK BOOK FO c2004aHyderabadbICFAI University a121 : p. : cm. ; 26 cRS